| 000 | 00420nam a2200169 a 4500 | ||
|---|---|---|---|
| 001 | 0000-9172 | ||
| 003 | ELIB.Books | ||
| 008 | 110520 1955 | ||
| 035 | _a(ELIB.Books)0000-9324 | ||
| 082 |
_a266.023 _bTor |
||
| 100 | _aTorbet, Robert G. | ||
| 245 | _aVenture of Faith | ||
| 260 |
_bPhiladelphia: The Judson Press _c1955 |
||
| 650 | _aMission | ||
| 942 |
_2ddc _cBK |
||
| 998 |
_cbat _e2011-05-20 |
||
| 999 |
_c9172 _d9172 |
||